Artists / Singers Chain - Statistics

General Stats
  • This quiz has been taken 127 times
  • The average score is 25 of 38
Answer Stats
Answer Hint % Correct
Jay-Z Renegade
95%
Jay-Z Empire State of Mind
95%
Eminem Love the Way You Lie
89%
Eminem Renegade
89%
Rihanna Can't Remember to Forget You
89%
Rihanna Love the Way You Lie
89%
Justin Bieber Baby
86%
Justin Bieber I Don't Care
86%
Usher My Boo
83%
Usher Yeah!
83%
Taylor Swift Everything Has Changed
78%
Taylor Swift Bad Blood
78%
Alicia Keys Empire State of Mind
77%
Alicia Keys My Boo
77%
Katy Perry E.T.
74%
Katy Perry Swish Swish
74%
Ariana Grande Side to Side
68%
Ariana Grande Rain on Me
68%
Flo Rida Wild Ones
59%
Flo Rida Low
59%
Lady Gaga Rain on Me
57%
Beyoncé Beautiful Liar
56%
Ed Sheeran I Don't Care
56%
Ed Sheeran Everything Has Changed
56%
Nicki Minaj Swish Swish
54%
Nicki Minaj Side to Side
54%
Sia The Greatest
53%
Sia Wild Ones
53%
Shakira Beautiful Liar
51%
Shakira Can't Remember to Forget You
51%
Kendrick Lamar Bad Blood
50%
Kendrick Lamar The Greatest
50%
Ludacris Yeah!
50%
Ludacris Baby
50%
Kanye West Good Life
47%
Kanye West E.T.
47%
T-Pain Low
30%
T-Pain Good Life
30%
No matching quizzes found
Score Distribution
Percent of People with Each Score
Percentile by Number Answered
Your Score History
You have not taken this quiz